Every Country to win an Olympic Medal: Rugby - Statistics

General Stats
  • This quiz has been taken 16 times
    2 since last reset
  • The average score is 5 of 16
Answer Stats
Sport # of Medals Country % Correct
Rugby Sevens 1 Argentina
100%
Rugby Sevens 4 Fiji
100%
Rugby Sevens 2 France
50%
Rugby Union 3 France
50%
Rugby Sevens 1 Great Britain
50%
Rugby Union 2 Great Britain
50%
Rugby Sevens 4 New Zealand
50%
Rugby Union 1 Australasia
0%
Rugby Sevens 1 Australia
0%
Rugby Sevens 2 Canada
0%
Rugby Union 1 Germany
0%
Rugby Union 1 Mixed Team
0%
Rugby Union 1 Romania
0%
Rugby Sevens 2 South Africa
0%
Rugby Sevens 1 USA
0%
Rugby Union 2 USA
0%
No matching quizzes found
Score Distribution
Percent of People with Each Score
Percentile by Number Answered
Your Score History
You have not taken this quiz since the last reset